इलाचन्द्र जोशी का साहित्यःशिल्प एवं संवेदना (Record no. 5686)

MARC details
000 -LEADER
fixed length control field 01185 a2200217 4500
005 - DATE AND TIME OF LATEST TRANSACTION
control field 20080910102425.0
008 - FIXED-LENGTH DATA ELEMENTS--GENERAL INFORMATION
fixed length control field 080910t xxu||||| |||| 00| 0 hin d
010 ## - LIBRARY OF CONGRESS CONTROL NUMBER
LC control number HIN-80374
020 ## - INTERNATIONAL STANDARD BOOK NUMBER
International Standard Book Number 8190291033
Terms of availability 450.00
035 ## - SYSTEM CONTROL NUMBER
System control number HN-52720
037 ## - SOURCE OF ACQUISITION
Source of stock number/acquisition D.B.Act / pub
082 ## - DEWEY DECIMAL CLASSIFICATION NUMBER
Classification number 823.08
100 ## - MAIN ENTRY--PERSONAL NAME
Personal name नायडू, मुक्ता
245 ## - TITLE STATEMENT
Title इलाचन्द्र जोशी का साहित्यःशिल्प एवं संवेदना
Statement of responsibility, etc मुक्ता नायडू
Remainder of title (उपन्यासों के विशेष संदर्भ में)
246 ## - VARYING FORM OF TITLE
Title proper/short title Illchand Joshi ka Sahitya:Shilp avam Sanvedna
Remainder of title by Mukta Nayadu
260 ## - PUBLICATION, DISTRIBUTION, ETC. (IMPRINT)
Place of publication, distribution, etc कानपुर
Name of publisher, distributor, etc ज्ञान प्रकाशन
Date of publication, distribution, etc 2006
270 ## - ADDRESS
Address 128/90 जी ब्लाक किदवई नगर
City कानपुर
Postal code 208011
300 ## - PHYSICAL DESCRIPTION
Extent 312पृ
Dimensions 22 सेमी(सजिल्द)
942 ## - ADDED ENTRY ELEMENTS (KOHA)
Institution code [OBSOLETE] dpl
Koha item type Hindi Books
Call number prefix 823.08 / नायडू
Source of classification or shelving scheme Dewey Decimal Classification
Classification part 823.08
Call number suffix नायडू
Holdings
Withdrawn status Lost status Damaged status Not for loan Home library Current library Date acquired Cost, normal purchase price Total Checkouts Full call number Barcode Date last seen Copy number Uniform Resource Identifier Cost, replacement price Price effective from Koha item type
        D.B.Act.Division D.B.Act.Division 10/09/2008 450.00   823.08 नायडू HN-52720 15/09/2008 1 6090 450.00 15/09/2008 Hindi Books

© Delhi Public Library
Hit Counter
free hit counter